banner-ar

الدين والتعليم والعلم فى العصر العباسى / (Record no. 64218)

MARC details
000 -الفاتح
حقل البيانات ثابتة الطول 01334nam a22003017a 4500
005 - وقت وتاريخ اخر تعامل مع التسجيلة
رقم الضبط 20240530110720.0
008 - عناصر البيانات ثابتة الطول - معلومات عامة
حقل البيانات ثابتة الطول 180322s2016 ua g b 000 0dara d
017 ## - رقم الايداع القانونى
رقم الايداع القانونى 2014/22848
المصدر ( الهيئة المختصة) مصر. دار الكتب
020 ## - الرقم الدولى المعيارى للكتب
الرقم الدولى المعيارى للكتاب 9789777189705
040 ## - مصدر الفهرسة
وكالة الفهرسة الأصلية EG-CaGPL
وكالة النسخ EG-CaGPL
082 04 - رقم تصنيف ديوى العشرى
رقم الطبعة 21
رقم التصنيف 953.04 /
رقم المادة ى د
245 02 - بيان العنوان
العنوان الدين والتعليم والعلم فى العصر العباسى /
بيان المسئوليه,etc تحرير يونج، لاثام، سيرجنت ؛ ترجمة وتقديم قاسم عبده قاسم
250 ## - بيان الطبعة
بيان الطبعة ط.1
260 ## - PUBLICATION, DISTRIBUTION, ETC. (IMPRINT)
تاريخ النشر أو التوزيع 2016.
300 ## - الوصف المادى
التعداد 666 ص. ؛
أبعاد الوعاء 24 سم.
490 0# - بيان السلسلة
عنوان السلسلة المركز القومى للترجمة ؛
رقم المجلد/ التعيين التسلسلي 2446.
504 ## - تبصرة ببليوجرافية
تبصرة ببليوجرافية,الخ يشتمل على ارجاعات ببليوجرافية
650 07 - المدخل الاضافى بالموضوع-مصطلح موضوعى
مصدر الرأس أو المصطلح qrmak
مصطلح موضوعي الدولة العباسية
650 07 - المدخل الاضافى بالموضوع-مصطلح موضوعى
مصدر الرأس أو المصطلح qrmak
مصطلح موضوعي الدين
التقسيم الفرعي العام تاريخ
-- الدولة العباسية
650 07 - المدخل الاضافى بالموضوع-مصطلح موضوعى
مصدر الرأس أو المصطلح qrmak
مصطلح موضوعي التعليم
التقسيم الفرعي العام تاريخ
-- الدولة العباسية
650 07 - المدخل الاضافى بالموضوع-مصطلح موضوعى
مصدر الرأس أو المصطلح qrmak
مصطلح موضوعي العلم
التقسيم الفرعي العام تاريخ
-- الدولة العباسية
700 0# - المدخل الاضافى - اسم شخصى
الإسم الشخصى يونج
الدور محرر
700 0# - المدخل الاضافى - اسم شخصى
الإسم الشخصى لاثام
الدور محرر مشارك
700 0# - المدخل الاضافى - اسم شخصى
الإسم الشخصى سيرجنت
الدور محرر مشارك
700 0# - المدخل الاضافى - اسم شخصى
الإسم الشخصى قاسم عبده قاسم
الدور مترجم ومقدم
942 ## - عناصر المدخل الإضافي( كوها)
مصدر التصنيف او مخطط الترفيف Dewey Decimal Classification
Koha [default] item type كتاب
260 ## - PUBLICATION, DISTRIBUTION, ETC. (IMPRINT)
-- القاهرة :
-- المركز القومى للترجمة ،
Holdings
حالة التراجع حالة الفقد حالة تلف ليس للاعارة المكان المؤقت الموقع الحالى موقع الترفيف تاريخ الاكتساب اجمالي اﻻعارات رقم الطلب الباركود تاريخ اخر مشاهدة تاريخ تفعيل السعر نوع وعاء كوها
        مكتبة القاهرة الكبرى مكتبة القاهرة الكبرى القاعة الرئيسية 03/22/2018   953.04 / ى د 164371 03/22/2018 03/22/2018 كتاب

Powered By

EGPV